Estadísticas para Miembros de la ConIFA

Haz click aquí para intentar la prueba.

Estadísticas generales

  • Esta prueba ha sido intentada 23 veces
  • La puntuación promedio es 15 de 66

Estadísticas de respuestas

Continente al que están asociadosPaís, Minoría Lingüística, Nación Histórica o Etnia% Correcto
EuropaAbjasia
72%
EuropaEllan Vannin (Isla de Man)
72%
EuropaChipre del Norte
67%
EuropaOsetia del Sur
67%
ÁfricaSomalilandia
61%
EuropaTransnistria
61%
EuropaArtsaj
56%
ÁfricaSahara Occidental
56%
EuropaGroenlandia
50%
EuropaLaponia
50%
AsiaTíbet
50%
AsiaKurdistán
44%
EuropaParroquias de Jersey
44%
NorteaméricaQuebec
39%
EuropaSicilia
39%
EuropaCerdeña
33%
AsiaCoreanos en Japón
33%
SudaméricaMapuche
33%
EuropaMónaco
33%
EuropaCrimea
28%
EuropaPueblo Gitano
28%
SudaméricaRapa Nui (Isla de Pascua)
28%
OceaníaTuvalu
28%
ÁfricaZanzíbar
28%
EuropaCornualles
22%
OceaníaKiribati
22%
EuropaOccitania
22%
EuropaAlta Hungría
17%
EuropaArmenia Occidental
17%
EuropaCameria
17%
NorteaméricaCascadia
17%
EuropaDos Sicilias
17%
EuropaFranconia
17%
EuropaIsla de Elba
17%
AsiaKaren
17%
EuropaPadania
17%
EuropaRecia
17%
AsiaTurquestán Oriental
17%
ÁfricaCabilia
11%
ÁfricaDarfur
11%
OceaníaHawái
11%
ÁfricaIslas Chagos
11%
AsiaIslas Ryūkyū
11%
OceaníaMariya
11%
EuropaNiza
11%
AsiaPanjab
11%
AsiaPapúa Occidental
11%
AsiaPueblo Rohinyá
11%
EuropaYorkshire
11%
NorteaméricaAsociación Nacional de Balompié Mexicano
6%
ÁfricaBarāwe
6%
EuropaDonetsk
6%
EuropaLugansk
6%
EuropaPaís Sículo
6%
EuropaRutenia Subcarpática
6%
ÁfricaYoruba
6%
ÁfricaBarotselandia
0%
ÁfricaBiafra
0%
EuropaDélvidék
0%
NorteaméricaKuskatán
0%
EuropaLazistán
0%
ÁfricaMatabelelandia
0%
AsiaPueblo Arameo
0%
AsiaPueblo Lezguino
0%
EuropaSkåneland
0%
AsiaTamil Eelam
0%

Distribución de puntuación

Porcentaje por número respondido

Porcentaje de gente con cada puntuación

Historial de tus puntuaciones

No has intentado esta prueba.